Closest Countries to Italy Quiz Stats

 Plays Quiz Updated Oct 13, 2017

Challenge
Share
Tweet
Embed
Score 0/20 Timer 03:00
9 Plays Today
Distance Country % Correct
46 kmGermany
93.1%
334 kmSpain
91.5%
78 kmGreece
91%
13 kmCroatia
85.3%
305 kmSerbia
79.5%
305 kmSlovakia
79.1%
82 kmMalta
79.1%
187 kmHungary
78.1%
74 kmAlbania
77%
8 kmMonaco
76.9%
Distance Country % Correct
218 kmCzechia
75.8%
154 kmBosnia and Herzegovina
74.4%
173 kmMontenegro
73.5%
62 kmLiechtenstein
72.3%
207 kmMacedonia
69.6%
256 kmKosovo
67.8%
71 kmTunisia
65.7%
277 kmLibya
64.4%
289 kmAlgeria
64.2%
367 kmLuxembourg
63.6%

You're not logged in!

Compare scores with friends on all Sporcle quizzes.
Join for Free
OR
Log In

You Might Also Like...

Show Comments

Extras

Top Quizzes Today


Score Distribution

Your Account Isn't Verified!

In order to create a playlist on Sporcle, you need to verify the email address you used during registration. Go to your Sporcle Settings to finish the process.

Report this User

Report this user for behavior that violates our Community Guidelines.

Details: